[Event "CHI-ch (Women)"]
[Site "Santiago de Chile"]
[Date "2017.01.04"]
[Round "4"]
[White "Figueroa Bernal, Julia Dennis Paloma"]
[Black "Espinoza Castillo, Valtiere de Los Ang"]
[Result "1-0"]
[WhiteElo "1476"]
[BlackElo "1452"]
[PlyCount "55"]
[EventDate "2017.01.03"]
[EventType "swiss"]
[EventRounds "9"]
[EventCountry "CHI"]
[SourceTitle "CBM 176 Extra"]
[Source "ChessBase"]
[SourceDate "2017.03.02"]
[SourceVersion "1"]
[SourceVersionDate "2017.03.02"]
[SourceQuality "1"]

1. e4 c5 2. Nf3 e6 3. d4 cxd4 4. Nxd4 a6 5. Nc3 Qc7 6. Bd3 Nf6 7. 0-0 d6 8. Kh1 Nbd7 9. f4 Be7 10. Qe2 Nc5 11. Rf3 b5 12. a3 Bb7 13. Rg3 Nxd3 14. cxd3 Rg8 15. Bd2 Rc8 16. Re1 Nd7 17. Re3 e5 18. fxe5 dxe5 19. Nd5 Qc5 20. Bb4 Qxd4 21. Nxe7 Rc7 22. Nxg8 Nc5 23. Bxc5 Rxc5 24. Rf3 Qd6 25. Qf2 Rc7 26. Rf1 Qe6 27. Qh4 h6 28. Qh5 1-0

[Event "South America-ch U16 Girls 13th"]
[Site "Santiago de Chile"]
[Date "2016.12.02"]
[Round "3"]
[White "Mena Contreras, Winslia"]
[Black "Espinoza Castillo, Valtiere de Los Ang"]
[Result "0-1"]
[WhiteElo "1452"]
[BlackElo "1461"]
[PlyCount "48"]
[EventDate "2016.12.01"]
[EventType "swiss"]
[EventRounds "9"]
[EventCountry "CHI"]
[SourceTitle "EXT 2018"]
[Source "ChessBase"]
[SourceDate "2017.10.13"]
[SourceVersion "1"]
[SourceVersionDate "2017.10.13"]
[SourceQuality "1"]

1. e4 e6 2. Nf3 d5 3. exd5 exd5 4. d4 Be7 5. Nc3 Nf6 6. Bf4 Bg4 7. Be2 0-0 8. h3 Bh5 9. Nb5 Na6 10. g4 Bg6 11. Nh4 c6 12. Nxg6 hxg6 13. Nc3 Nc7 14. g5 Ne4 15. Nxe4 dxe4 16. h4 Ne6 17. Be3 Qc7 18. Qd2 Rad8 19. c3 c5 20. 0-0-0 cxd4 21. Bxd4 Nxd4 22. Qe3 Bc5 23. Qh3 Nxe2+ 24. Kc2 Rxd1 0-1